[Event "32. Copenhagen Open (Politiken Cup)"]
[Site "Elsinore"]
[Date "2010.08.02"]
[Round "4"]
[White "Asmund, Erik"]
[Black "Pallesen, Jacob"]
[Result "0-1"]
[WhiteElo "1778"]
[BlackElo "2010"]
[PlyCount "54"]
[EventDate "2010.07.31"]
[EventType "swiss"]
[EventRounds "10"]
[EventCountry "DEN"]
[Source "ChessBase"]
[SourceDate "2010.09.01"]

1. c4 f5 2. d4 Nf6 3. e3 g6 4. b3 Bg7 5. Bb2 d6 6. Nf3 Na6 7. Be2 c5 8. Nbd2
Bd7 9. O-O O-O 10. a3 h6 11. h3 Rb8 12. Qc2 Qe8 13. Rab1 Nh5 14. Nh2 cxd4 15.
Bxh5 dxe3 16. fxe3 gxh5 17. Bxg7 Kxg7 18. Qc3+ Kh7 19. Nhf3 Nc5 20. Nh4 e6 21.
Rf2 Bc6 22. Rf4 Qe7 23. Qc2 Qf6 24. Rbf1 Qe5 25. Kh1 Qxe3 26. Rxf5 exf5 27.
Nxf5 Qxh3+ 0-1

[Event "32. Copenhagen Open (Politiken Cup)"]
[Site "Elsinore"]
[Date "2010.08.02"]
[Round "4"]
[White "Bach, Matthias"]
[Black "Jorgensen, Rasmus"]
[Result "1/2-1/2"]
[WhiteElo "2303"]
[BlackElo "2098"]
[PlyCount "123"]
[EventDate "2010.07.31"]
[EventType "swiss"]
[EventRounds "10"]
[EventCountry "DEN"]
[Source "ChessBase"]
[SourceDate "2010.09.01"]

1. e4 g6 2. h4 h5 3. b3 Bg7 4. Nc3 c5 5. Bb2 Nc6 6. Qc1 d6 7. Nd5 Nf6 8. Bc4 e6
9. Nxf6+ Bxf6 10. Nf3 Bd7 11. Ng5 Ne5 12. f4 Ng4 13. O-O Qe7 14. b4 cxb4 15. d4
O-O-O 16. a3 b3 17. Bxb3 Rdf8 18. Qd2 Bxg5 19. fxg5 f6 20. Rf3 Rf7 21. Raf1
Rhf8 22. Bc1 Kb8 23. Qb4 f5 24. Bf4 e5 25. Bxf7 Rxf7 26. dxe5 dxe5 27. Qxe7
Rxe7 28. Bd2 fxe4 29. Bb4 exf3 30. Bxe7 f2+ 31. Rxf2 Nxf2 32. Kxf2 Kc7 33. Ke3
Bf5 34. c4 Kc6 35. Kd2 Kd7 36. Bc5 b6 37. Bf2 Kd6 38. Kc3 Kc6 39. Bg1 Be6 40.
Bh2 Kc5 41. Bg1+ Kc6 42. Be3 a6 43. Bg1 b5 44. cxb5+ Kxb5 45. Bh2 e4 46. Kd4
Bf5 47. Bd6 Kc6 48. Bb4 Kb5 49. Bd2 Ka4 50. Bb4 Kb5 51. Bd6 Kc6 52. Bf4 Kb5 53.
Bb8 Ka4 54. Bd6 Kb3 55. Bc5 Kc2 56. Bb4 Kd1 57. Ke3 Kc2 58. g3 Kd1 59. Bc5 Ke1
60. Kf4 Ke2 61. g4 Bxg4 62. Kxe4 1/2-1/2

[Event "32. Copenhagen Open (Politiken Cup)"]
[Site "Elsinore"]
[Date "2010.08.02"]
[Round "4"]
[White "Bjorneboe, Kristian"]
[Black "Akdag, Dara Sevkan"]
[Result "0-1"]
[WhiteElo "1979"]
[BlackElo "2164"]
[PlyCount "54"]
[EventDate "2010.07.31"]
[EventType "swiss"]
[EventRounds "10"]
[EventCountry "DEN"]
[Source "ChessBase"]
[SourceDate "2010.09.01"]

1. d4 Nf6 2. Nf3 g6 3. g3 Bg7 4. Bg2 c5 5. c3 cxd4 6. cxd4 O-O 7. O-O d6 8. Nc3
Nc6 9. e4 Nd7 10. Be3 Nb6 11. Qe2 Bg4 12. Rfd1 Rc8 13. h3 Bd7 14. Rac1 Nb4 15.
a3 Nc6 16. b4 a6 17. Rc2 Na7 18. Nd2 Ba4 19. Nxa4 Rxc2 20. Nxb6 Qxb6 21. e5 Nb5
22. Be4 Nc3 23. Qd3 Nxd1 24. Qxc2 Nxe3 25. fxe3 dxe5 26. Nc4 Qc7 27. dxe5 Rc8
0-1

[Event "32. Copenhagen Open (Politiken Cup)"]
[Site "Elsinore"]
[Date "2010.08.02"]
[Round "4"]
[White "Boje, Tobias Rosholm"]
[Black "Rosenkilde, Alexander"]
[Result "0-1"]
[WhiteElo "2028"]
[BlackElo "2204"]
[PlyCount "90"]
[EventDate "2010.07.31"]
[EventType "swiss"]
[EventRounds "10"]
[EventCountry "DEN"]
[Source "ChessBase"]
[SourceDate "2010.09.01"]

1. Nf3 Nf6 2. g3 d5 3. Bg2 Bf5 4. O-O e6 5. d3 Nbd7 6. Nbd2 Be7 7. b3 O-O 8.
Bb2 c6 9. c4 Rc8 10. a3 a5 11. Rc1 Qb6 12. Qc2 Rfe8 13. h3 h6 14. Rfd1 Bc5 15.
e3 e5 16. Qc3 Bf8 17. Nf1 Rcd8 18. Nh4 Bh7 19. g4 Nc5 20. b4 Na4 21. Qb3 Nxb2
22. Qxb2 axb4 23. axb4 dxc4 24. dxc4 Qxb4 25. Qxb4 Bxb4 26. Ng3 Bd3 27. Nhf5
Kh7 28. Nh4 g6 29. Nf3 b5 30. g5 Nh5 31. Nxh5 gxh5 32. cxb5 cxb5 33. gxh6 f6
34. Ne1 Bc4 35. Bc6 Rg8+ 36. Kh2 Kxh6 37. Nc2 Bc5 38. Rxd8 Rxd8 39. Kg3 Rd2 40.
Be4 Be7 41. Ra1 h4+ 42. Kg2 Bc5 43. Rc1 Be6 44. Kf3 f5 45. Bc6 b4 0-1

[Event "32. Copenhagen Open (Politiken Cup)"]
[Site "Elsinore"]
[Date "2010.08.02"]
[Round "4"]
[White "Brauener, Jonathan"]
[Black "Andersen, Rune Egede"]
[Result "0-1"]
[WhiteElo "1885"]
[BlackElo "2100"]
[PlyCount "64"]
[EventDate "2010.07.31"]
[EventType "swiss"]
[EventRounds "10"]
[EventCountry "DEN"]
[Source "ChessBase"]
[SourceDate "2010.09.01"]

1. c4 Nf6 2. g3 c6 3. Bg2 d5 4. Nf3 g6 5. O-O Bg7 6. d3 O-O 7. e3 Bg4 8. Nc3
Nbd7 9. h3 Bxf3 10. Bxf3 dxc4 11. dxc4 Ne5 12. Be2 Qc8 13. Kg2 Rd8 14. Qc2 b5
15. f4 Nxc4 16. Bxc4 bxc4 17. e4 Rd3 18. e5 Nd5 19. Ne4 Rd4 20. Ng5 c5 21. Nf3
Nb4 22. Qc3 Qb7 23. a3 Nd5 24. Qc2 Rd8 25. Kh2 Rd3 26. Qxc4 Nb6 27. Qxc5 Rxf3
28. Be3 Na4 29. Qa5 Qxb2+ 30. Kh1 Rxf1+ 31. Rxf1 Qb7+ 32. Kh2 Nb6 0-1

[Event "32. Copenhagen Open (Politiken Cup)"]
[Site "Elsinore"]
[Date "2010.08.02"]
[Round "4"]
[White "Brunello, Sabino"]
[Black "Mchedlishvili, Mikheil"]
[Result "1-0"]
[WhiteElo "2488"]
[BlackElo "2625"]
[PlyCount "119"]
[EventDate "2010.07.31"]
[EventType "swiss"]
[EventRounds "10"]
[EventCountry "DEN"]
[Source "ChessBase"]
[SourceDate "2010.09.01"]

1. d4 Nf6 2. Nf3 g6 3. g3 Bg7 4. Bg2 O-O 5. O-O d6 6. Nc3 Nbd7 7. e4 e5 8. Re1
Re8 9. h3 b6 10. a4 a5 11. Be3 Bb7 12. dxe5 dxe5 13. Nh2 Qe7 14. Ng4 Rad8 15.
Qe2 Nc5 16. Nxf6+ Bxf6 17. Qb5 Ne6 18. Nd5 Bxd5 19. exd5 Ng7 20. Bd2 Nf5 21. b4
Nd6 22. Qc6 axb4 23. Bxb4 Qd7 24. Qxd7 Rxd7 25. a5 bxa5 26. Rxa5 Rb8 27. Bc3
Kg7 28. Ra6 Re7 29. f4 e4 30. Bxf6+ Kxf6 31. Rxe4 Rb1+ 32. Kf2 Rd1 33. Re2 Rd4
34. Rc6 Rd7 35. Ke3 Ra4 36. Kd3 Kg7 37. Rf2 Nf5 38. g4 Ne7 39. Rc5 c6 40. c4
cxd5 41. cxd5 Ng8 42. f5 g5 43. Rfc2 Nf6 44. Rc7 Rd6 45. R2c6 Nxd5 46. Rxd6
Nxc7 47. Rd7 Na6 48. Ke3 Nb4 49. Be4 Ra6 50. Rd4 Rb6 51. Rc4 Rb8 52. Kf3 Na2
53. Rc6 Rb3+ 54. Kf2 Nc3 55. f6+ Kh6 56. Bc2 Ra3 57. Rc7 Nb5 58. Rxf7 Ra7 59.
Re7 Rc7 60. Bd3 1-0

[Event "32. Copenhagen Open (Politiken Cup)"]
[Site "Elsinore"]
[Date "2010.08.02"]
[Round "4"]
[White "Brynell, Stellan"]
[Black "Roelvaag, Mikael"]
[Result "1-0"]
[WhiteElo "2495"]
[BlackElo "2187"]
[PlyCount "91"]
[EventDate "2010.07.31"]
[EventType "swiss"]
[EventRounds "10"]
[EventCountry "DEN"]
[Source "ChessBase"]
[SourceDate "2010.09.01"]

1. d4 Nf6 2. c4 g6 3. g3 Bg7 4. Bg2 d6 5. Nf3 O-O 6. Nc3 Nbd7 7. O-O e5 8. h3
a6 9. dxe5 dxe5 10. Be3 c6 11. Qc2 Qe7 12. Rfd1 Nh5 13. Qd2 f5 14. Bh6 e4 15.
Bxg7 Nxg7 16. Nd4 Ne5 17. b3 Be6 18. Qe3 Rae8 19. f3 g5 20. Rf1 Ng6 21. Rad1
Bc8 22. g4 exf3 23. Qxe7 f2+ 24. Rxf2 Rxe7 25. gxf5 Nxf5 26. Nxf5 Bxf5 27. e4
Bd7 28. Rxf8+ Kxf8 29. c5 Ne5 30. Kf2 h5 31. Ne2 g4 32. h4 Be8 33. Kg3 Nd7 34.
b4 Bf7 35. a3 Ne5 36. Rd8+ Kg7 37. Nd4 Rd7 38. Nf5+ Kf6 39. Rxd7 Nxd7 40. Nd6
Bg6 41. Kf4 Ne5 42. Nxb7 Bh7 43. Nd6 Ng6+ 44. Kg3 Ke5 45. Bf1 Nf4 46. Nf7+ 1-0

[Event "32. Copenhagen Open (Politiken Cup)"]
[Site "Elsinore"]
[Date "2010.08.02"]
[Round "4"]
[White "Carlstedt, Jonathan"]
[Black "Portisch, Lajos"]
[Result "1-0"]
[WhiteElo "2379"]
[BlackElo "2539"]
[PlyCount "163"]
[EventDate "2010.07.31"]
[EventType "swiss"]
[EventRounds "10"]
[EventCountry "DEN"]
[Source "ChessBase"]
[SourceDate "2010.09.01"]

1. c4 e6 2. g3 d5 3. Bg2 dxc4 4. Qa4+ Nd7 5. Qxc4 c5 6. Nf3 a6 7. Qb3 Ne7 8.
Nc3 b6 9. O-O Bb7 10. Rd1 Nf5 11. e3 Be7 12. d4 cxd4 13. exd4 O-O 14. d5 e5 15.
Re1 Nc5 16. Qc2 Nd4 17. Qd1 Nxf3+ 18. Bxf3 Bd6 19. Be3 f5 20. Bxc5 bxc5 21. Qb3
Rb8 22. Qc4 Bc8 23. Na4 Rb4 24. Qc2 Qa5 25. b3 e4 26. Bg2 c4 27. Red1 Be5 28.
Rac1 Bd7 29. d6 Bxa4 30. bxa4 c3 31. Qe2 Rd8 32. a3 Rb2 33. Qc4+ Kh8 34. Rd5
Qb6 35. Qc5 Qxc5 36. Rxc5 Bd4 37. Rxf5 e3 38. Rd5 exf2+ 39. Kf1 c2 40. Ke2 Rb1
41. Rxc2 Re8+ 42. Kd3 Rd1+ 43. Rd2 Rxd2+ 44. Kxd2 Bb6 45. a5 Bd8 46. Rf5 Bf6
47. d7 Rd8 48. Bc6 Bd4 49. Ke2 Kg8 50. Rf4 Bf6 51. Kxf2 Kf7 52. Re4 Be7 53. Ke2
Bxa3 54. Re8 Be7 55. Kd3 Ke6 56. Kc4 Kd6 57. Ba4 Ke6 58. h4 g6 59. Kd4 Kd6 60.
Ke4 h5 61. Kf4 Ke6 62. g4 hxg4 63. Kxg4 Kf6 64. h5 gxh5+ 65. Kxh5 Kf7 66. Kg4
Kf6 67. Kf3 Ke6 68. Ke4 Kd6 69. Kf5 Rxd7 70. Bxd7 Kxd7 71. Ra8 Bb4 72. Rxa6 Kc7
73. Ke4 Be1 74. Kd5 Kb7 75. Rb6+ Ka7 76. Rb5 Ka6 77. Kc6 Bd2 78. Rh5 Be1 79.
Rf5 Bd2 80. Rf2 Be1 81. Re2 Bc3 82. Kc5 1-0

[Event "32. Copenhagen Open (Politiken Cup)"]
[Site "Elsinore"]
[Date "2010.08.02"]
[Round "4"]
[White "Christensen, Bo Garner"]
[Black "Holm, Kristian Stuvik"]
[Result "0-1"]
[WhiteElo "2288"]
[BlackElo "2086"]
[PlyCount "106"]
[EventDate "2010.07.31"]
[EventType "swiss"]
[EventRounds "10"]
[EventCountry "DEN"]
[Source "ChessBase"]
[SourceDate "2010.09.01"]

1. e4 c5 2. Nf3 g6 3. Bc4 Bg7 4. c3 Nc6 5. O-O d6 6. d4 cxd4 7. cxd4 Nf6 8. Nc3
O-O 9. Re1 Bg4 10. Bb3 Bxf3 11. gxf3 e5 12. d5 Nd4 13. Be3 Nh5 14. Kh1 f5 15.
Rg1 Qh4 16. Rg2 Qh3 17. Bc4 Rac8 18. Bf1 Nxf3 19. exf5 Rxf5 20. Be2 Nf6 21.
Bxf3 Rxf3 22. Ne2 Qh4 23. Rc1 Rf8 24. Ng1 Rf5 25. Rc7 Qb4 26. Nh3 Qxb2 27. Ng5
Ne8 28. Rc2 Qb5 29. Ne6 R8f7 30. Rc8 a6 31. Rd8 Re7 32. Bg5 Bf6 33. a4 Qc4 34.
Rg4 Qc3 35. Rg3 Qc4 36. Bxf6 Rxf6 37. Kg2 Qe4+ 38. f3 Qc4 39. Ng5 Qc7 40. Ra8
Qc4 41. Ne4 Rf8 42. h4 Nc7 43. Rxf8+ Kxf8 44. Qd2 Nxd5 45. Rg4 Qd4 46. Qh6+ Rg7
47. Ng5 Qd2+ 48. Kh1 Kg8 49. Rg1 Ne7 50. Nf7 Qd3 51. Nd8 Qxf3+ 52. Rg2 Nf5 53.
Qc1 Ne3 0-1

[Event "32. Copenhagen Open (Politiken Cup)"]
[Site "Elsinore"]
[Date "2010.08.02"]
[Round "4"]
[White "Christensen, Klaus"]
[Black "Andersen, Jackie"]
[Result "0-1"]
[WhiteElo "2009"]
[BlackElo "2276"]
[PlyCount "96"]
[EventDate "2010.07.31"]
[EventType "swiss"]
[EventRounds "10"]
[EventCountry "DEN"]
[Source "ChessBase"]
[SourceDate "2010.09.01"]

1. d4 g6 2. c4 Bg7 3. g3 d6 4. Bg2 Nd7 5. Nf3 e5 6. Nc3 Ngf6 7. h3 O-O 8. O-O
Re8 9. Be3 c6 10. Qd2 exd4 11. Nxd4 Nc5 12. Rad1 Nce4 13. Nxe4 Nxe4 14. Qc1 Qe7
15. Bf4 g5 16. Be3 Nxg3 17. fxg3 Qxe3+ 18. Qxe3 Rxe3 19. Kf2 Re5 20. Nf3 Ra5
21. Rxd6 Be6 22. b3 Bf8 23. Rd2 Bb4 24. Rb2 Rd8 25. e3 Ba3 26. Rbb1 Rd3 27.
Rbd1 Bf5 28. Rxd3 Bxd3 29. Rd1 Bg6 30. Rd7 b5 31. cxb5 cxb5 32. Rd5 Bb4 33. a4
bxa4 34. Rxa5 Bxa5 35. bxa4 Bc2 36. Nxg5 h6 37. Ne4 Bxa4 38. Nc5 Bb5 39. Bb7
Bb6 40. Ba6 Bxa6 41. Nxa6 Kf8 42. Kf3 Ke7 43. e4 Kd6 44. h4 Kc6 45. Nb4+ Kb5
46. Nc2 Kc4 47. e5 Bc5 48. g4 Kc3 0-1

[Event "32. Copenhagen Open (Politiken Cup)"]
[Site "Elsinore"]
[Date "2010.08.02"]
[Round "4"]
[White "Christensen, Svend Ellegaard"]
[Black "Hornsgaard, Jens Boe"]
[Result "1-0"]
[WhiteElo "2226"]
[BlackElo "2044"]
[PlyCount "85"]
[EventDate "2010.07.31"]
[EventType "swiss"]
[EventRounds "10"]
[EventCountry "DEN"]
[Source "ChessBase"]
[SourceDate "2010.09.01"]

1. d4 Nf6 2. Nf3 e6 3. Bf4 c5 4. e3 b6 5. Nbd2 Bb7 6. c3 Be7 7. Qc2 Nh5 8. Bxb8
Rxb8 9. g4 Nf6 10. g5 Nd5 11. Rg1 cxd4 12. exd4 Qc7 13. Rg4 Rc8 14. a3 Bd6 15.
Bd3 g6 16. h4 Nf4 17. Be4 O-O 18. Bxb7 Qxb7 19. Ne4 h5 20. Rg3 Bb8 21. O-O-O
Kg7 22. Kb1 d5 23. Nf6 b5 24. Qd2 b4 25. axb4 a5 26. bxa5 Qb5 27. Ne5 Bxe5 28.
dxe5 Rc4 29. Rf3 Qa4 30. Nd7 Qxd7 31. Rxf4 Rfc8 32. Qe3 Qa4 33. Rdd4 Qxa5 34.
Qf3 R8c7 35. Rxc4 dxc4 36. Re4 Ra7 37. Kc2 Qa4+ 38. Kd2 Qb3 39. Ke3 Rd7 40. Rd4
Ra7 41. Qf6+ Kh7 42. Rd8 Qb6+ 43. Kf3 1-0

[Event "32. Copenhagen Open (Politiken Cup)"]
[Site "Elsinore"]
[Date "2010.08.02"]
[Round "4"]
[White "Christiansen, Johan Sebastian"]
[Black "Jensen, Jonbert"]
[Result "1-0"]
[WhiteElo "1921"]
[BlackElo "1664"]
[PlyCount "107"]
[EventDate "2010.07.31"]
[EventType "swiss"]
[EventRounds "10"]
[EventCountry "DEN"]
[Source "ChessBase"]
[SourceDate "2010.09.01"]

1. c4 Nf6 2. Nc3 g6 3. Nf3 Bg7 4. d3 O-O 5. Bf4 d6 6. Qd2 Nbd7 7. Bh6 Ng4 8.
Bxg7 Kxg7 9. g3 e5 10. Bg2 Nc5 11. b4 Ne6 12. O-O Bd7 13. Rab1 c6 14. a4 f5 15.
Bh3 h6 16. b5 Qe7 17. Qb2 Ng5 18. Nxg5 Qxg5 19. bxc6 Bxc6 20. Nb5 Rf6 21. Bg2
Rb8 22. Nc3 Rbf8 23. e3 f4 24. exf4 exf4 25. h4 Qc5 26. Bxc6 Qxc6 27. Qxb7+
Qxb7 28. Rxb7+ R8f7 29. Rxf7+ Kxf7 30. Nd5 fxg3 31. fxg3 Rxf1+ 32. Kxf1 Ne5 33.
Ke2 Ke6 34. a5 Nc6 35. a6 Nb8 36. Nc7+ Ke5 37. Ke3 Nc6 38. Nb5 Nb4 39. Nxa7
Nxa6 40. Nc6+ Ke6 41. Nd4+ Kf6 42. Nb3 Kf5 43. Kf3 Ke5 44. d4+ Kf5 45. g4+ Kf6
46. Ke4 Nb4 47. Nc1 Nc6 48. Kd5 Na5 49. c5 dxc5 50. dxc5 Ke7 51. Nd3 Nb7 52. c6
Nd6 53. Ne5 g5 54. Ng6+ 1-0

[Event "32. Copenhagen Open (Politiken Cup)"]
[Site "Elsinore"]
[Date "2010.08.02"]
[Round "4"]
[White "Czarnota, Dorota"]
[Black "Gislason, Gudmundur"]
[Result "0-1"]
[WhiteElo "2214"]
[BlackElo "2351"]
[PlyCount "120"]
[EventDate "2010.07.31"]
[EventType "swiss"]
[EventRounds "10"]
[EventCountry "DEN"]
[Source "ChessBase"]
[SourceDate "2010.09.01"]

1. e4 c5 2. Nf3 d6 3. d4 cxd4 4. Nxd4 Nf6 5. Nc3 a6 6. Be2 e6 7. a4 Be7 8. Be3
O-O 9. O-O Nc6 10. f4 Bd7 11. Kh1 Nb4 12. Bd3 g6 13. a5 e5 14. Nf3 Nxd3 15.
Qxd3 d5 16. Nxd5 Nxd5 17. Qxd5 Bc6 18. Qxd8 Rfxd8 19. Nxe5 Bxe4 20. c3 f6 21.
Ng4 h5 22. Nf2 Bc6 23. Rfd1 Re8 24. Bd4 Kf7 25. Kg1 Rg8 26. Be3 Rae8 27. Re1
Bd6 28. b4 Re6 29. Bd2 Rge8 30. Rxe6 Rxe6 31. g3 Re2 32. Be1 g5 33. fxg5 fxg5
34. c4 h4 35. gxh4 gxh4 36. Rb1 Re5 37. Bd2 Re6 38. b5 Rg6+ 39. Kf1 Bg2+ 40.
Ke2 Re6+ 41. Be3 Bxh2 42. bxa6 Rxa6 43. Rb5 Rf6 44. Kd3 Rd6+ 45. Kc3 Bg3 46.
Rh5 Re6 47. Kd2 Ke8 48. Nd3 Bf3 49. Rh8+ Kf7 50. Nc5 Rd6+ 51. Kc2 Kg7 52. Re8
h3 53. Bg1 Rd1 54. Re7+ Kg6 55. Re6+ Kh5 56. Be3 h2 57. Rh6+ Kg4 58. Rxh2 Bxh2
59. Nxb7 Re1 60. Bd2 Be4+ 0-1

[Event "32. Copenhagen Open (Politiken Cup)"]
[Site "Elsinore"]
[Date "2010.08.02"]
[Round "4"]
[White "Dam, Vagnur"]
[Black "Nielsen, Preben"]
[Result "0-1"]
[WhiteElo "1673"]
[BlackElo "1911"]
[PlyCount "60"]
[EventDate "2010.07.31"]
[EventType "swiss"]
[EventRounds "10"]
[EventCountry "DEN"]
[Source "ChessBase"]
[SourceDate "2010.09.01"]

1. d4 d5 2. c4 c6 3. Nf3 Nf6 4. e3 e6 5. b3 Bd6 6. Bb2 O-O 7. Bd3 Nbd7 8. Nbd2
Re8 9. Ne5 Qc7 10. f4 b6 11. O-O Bb7 12. Rc1 Rac8 13. Qe1 Nf8 14. Qg3 Qe7 15.
Qh3 g6 16. g4 N6d7 17. f5 exf5 18. Rf3 Bxe5 19. dxe5 fxg4 20. Qxg4 Nxe5 21.
Bxe5 Qxe5 22. Nf1 Rcd8 23. cxd5 cxd5 24. Rf5 Qg7 25. Rf2 Ne6 26. Ng3 Qe5 27.
Nf5 Rf8 28. Nh6+ Kg7 29. Nf5+ Kh8 30. Nh6 Qxe3 0-1

[Event "32. Copenhagen Open (Politiken Cup)"]
[Site "Elsinore"]
[Date "2010.08.02"]
[Round "4"]
[White "Dyrgaard, Kristoffer"]
[Black "Pedersen, Jan Kaas"]
[Result "1/2-1/2"]
[WhiteElo "2254"]
[BlackElo "2061"]
[PlyCount "45"]
[EventDate "2010.07.31"]
[EventType "swiss"]
[EventRounds "10"]
[EventCountry "DEN"]
[Source "ChessBase"]
[SourceDate "2010.09.01"]

1. e4 g6 2. d4 Bg7 3. Nc3 c6 4. Be3 d5 5. Qd2 dxe4 6. Nxe4 Nf6 7. Nxf6+ Bxf6 8.
Nf3 Bf5 9. Be2 O-O 10. Bg5 Nd7 11. Bxf6 Nxf6 12. O-O Qd6 13. c3 Rad8 14. Rad1
Rfe8 15. Ne5 Nd7 16. Qe3 Nxe5 17. dxe5 Qb8 18. Bc4 a5 19. Rd4 Rxd4 20. Qxd4 b5
21. Be2 Rd8 22. Qe3 Rd5 23. f4 1/2-1/2

[Event "32. Copenhagen Open (Politiken Cup)"]
[Site "Elsinore"]
[Date "2010.08.02"]
[Round "4"]
[White "Eklund, Joel"]
[Black "Tozaki, Halil"]
[Result "1-0"]
[WhiteElo "2192"]
[BlackElo "2030"]
[PlyCount "99"]
[EventDate "2010.07.31"]
[EventType "swiss"]
[EventRounds "10"]
[EventCountry "DEN"]
[Source "ChessBase"]
[SourceDate "2010.09.01"]

1. c4 c5 2. Nc3 Nf6 3. g3 Nc6 4. Bg2 g6 5. Nf3 Bg7 6. d4 cxd4 7. Nxd4 O-O 8.
O-O Nxd4 9. Qxd4 d6 10. Qd3 Nd7 11. b3 a6 12. Be3 Ne5 13. Qd2 Ng4 14. Bf4 Re8
15. h3 Ne5 16. Rfd1 Qa5 17. Rac1 Rb8 18. Be3 Nc6 19. Nd5 Qxd2 20. Rxd2 a5 21.
Bb6 Bh6 22. e3 Rf8 23. Nc7 Bg7 24. f4 h5 25. Kh2 Bf5 26. Bf3 Rbc8 27. g4 hxg4
28. hxg4 Be6 29. Kg3 g5 30. Bd5 Bxd5 31. cxd5 Nb8 32. Bxa5 Na6 33. Kf3 Nxc7 34.
Bxc7 b5 35. Rdc2 b4 36. Ke4 Bc3 37. Bb6 gxf4 38. exf4 Ra8 39. a4 Kg7 40. Rh1
Rh8 41. Rch2 Rxh2 42. Rxh2 e5 43. f5 f6 44. a5 Be1 45. Ra2 Kf7 46. a6 Bc3 47.
a7 Kg7 48. Be3 Kf7 49. Ra5 Ke7 50. Rb5 1-0

[Event "32. Copenhagen Open (Politiken Cup)"]
[Site "Elsinore"]
[Date "2010.08.02"]
[Round "4"]
[White "Eriksson, Christian Altenburg"]
[Black "Christensen, Simon Ellegaard"]
[Result "1-0"]
[WhiteElo "2128"]
[BlackElo "1829"]
[PlyCount "97"]
[EventDate "2010.07.31"]
[EventType "swiss"]
[EventRounds "10"]
[EventCountry "DEN"]
[Source "ChessBase"]
[SourceDate "2010.09.01"]

1. e4 e6 2. d4 d5 3. e5 c5 4. c3 Nc6 5. Nf3 Qb6 6. a3 c4 7. Nbd2 Bd7 8. b3 cxb3
9. Nxb3 Na5 10. Nxa5 Qxa5 11. Bd2 Qa4 12. Qb1 Rb8 13. Bd3 Ne7 14. O-O a6 15.
Re1 h6 16. Bc2 Qc4 17. a4 b5 18. Ra2 Qc7 19. Rb2 Nc6 20. axb5 Rxb5 21. Rxb5
axb5 22. Bd3 Na7 23. Qb3 Be7 24. Ra1 O-O 25. h4 Rb8 26. Bb1 Bf8 27. Qc2 g6 28.
h5 Be8 29. hxg6 fxg6 30. Ra6 Qe7 31. Nh2 Bg7 32. Ng4 h5 33. Nf6+ Bxf6 34. exf6
Qd7 35. Bf4 Rc8 36. Qd2 Nc6 37. Ra1 Qh7 38. Qe3 Nd8 39. Be5 h4 40. Bd3 Nf7 41.
Be2 g5 42. Bg4 Rc6 43. Ra8 Kf8 44. Qc1 b4 45. Qb2 Rb6 46. cxb4 Qe4 47. Bh5 Qe1+
48. Kh2 g4 49. Qc2 1-0

[Event "32. Copenhagen Open (Politiken Cup)"]
[Site "Elsinore"]
[Date "2010.08.02"]
[Round "4"]
[White "Ganguly, Surya Shekhar"]
[Black "Veng, Johny"]
[Result "1-0"]
[WhiteElo "2655"]
[BlackElo "2294"]
[PlyCount "43"]
[EventDate "2010.07.31"]
[EventType "swiss"]
[EventRounds "10"]
[EventCountry "DEN"]
[Source "ChessBase"]
[SourceDate "2010.09.01"]

1. e4 c5 2. Nf3 g6 3. d4 cxd4 4. Nxd4 Bg7 5. Nc3 Nc6 6. Be3 Nf6 7. Bc4 Qa5 8.
O-O O-O 9. h3 d6 10. Re1 Re8 11. Nb3 Qc7 12. Bf1 Bd7 13. Bg5 a6 14. Bxf6 exf6
15. Qd2 f5 16. exf5 Bxf5 17. Nd5 Qd8 18. Rxe8+ Qxe8 19. Nc7 Qd8 20. Nxa8 Bxb2
21. Re1 Ba3 22. Nc7 1-0

[Event "32. Copenhagen Open (Politiken Cup)"]
[Site "Elsinore"]
[Date "2010.08.02"]
[Round "4"]
[White "Gupta, Sudhir Kumar"]
[Black "Schmied, Andreas"]
[Result "1-0"]
[WhiteElo "1835"]
[BlackElo "2069"]
[PlyCount "77"]
[EventDate "2010.07.31"]
[EventType "swiss"]
[EventRounds "10"]
[EventCountry "DEN"]
[Source "ChessBase"]
[SourceDate "2010.09.01"]

1. d4 Nf6 2. Nf3 g6 3. g3 Bg7 4. Bg2 O-O 5. O-O d5 6. Bf4 c6 7. Nc3 Ne4 8. Ng5
Nxc3 9. bxc3 Nd7 10. Nf3 Re8 11. Ne5 Nxe5 12. Bxe5 Bxe5 13. dxe5 f6 14. Qd4
fxe5 15. Qxe5 Qd6 16. Qd4 e5 17. Qb4 Qc7 18. e4 Be6 19. Rfe1 c5 20. Qb2 d4 21.
cxd4 cxd4 22. Bf1 b6 23. Rec1 Rac8 24. Ba6 Qc3 25. Qb5 Bc4 26. Qa4 Bxa6 27.
Qxa6 Rc7 28. Qb5 Qc6 29. Rab1 Qxb5 30. Rxb5 Kf7 31. Rd5 g5 32. f4 gxf4 33. gxf4
exf4 34. Rxd4 Ke6 35. Kf2 Rc3 36. Rd2 Re7 37. Rcd1 Ke5 38. Rd5+ Kxe4 39. R1d4#
1-0

[Event "32. Copenhagen Open (Politiken Cup)"]
[Site "Elsinore"]
[Date "2010.08.02"]
[Round "4"]
[White "Halamus, Agata"]
[Black "Haubro, Sigfred"]
[Result "0-1"]
[WhiteElo "1996"]
[BlackElo "2166"]
[PlyCount "88"]
[EventDate "2010.07.31"]
[EventType "swiss"]
[EventRounds "10"]
[EventCountry "DEN"]
[Source "ChessBase"]
[SourceDate "2010.09.01"]

1. e4 d5 2. exd5 Nf6 3. Nf3 Nxd5 4. d4 g6 5. c4 Nf6 6. Nc3 Bg7 7. h3 Nbd7 8.
Bf4 c6 9. Qd2 O-O 10. Be2 Re8 11. Ne5 a6 12. Rd1 Nxe5 13. dxe5 Qxd2+ 14. Bxd2
Nd7 15. f4 f6 16. O-O fxe5 17. f5 Nf8 18. g4 gxf5 19. gxf5 Nd7 20. Ne4 Rb8 21.
Bh5 Rf8 22. Bb4 Nf6 23. Ng3 Nxh5 24. Nxh5 Bxf5 25. Bxe7 Rf7 26. Bd6 Re8 27.
Nxg7 Kxg7 28. Rf3 Kf6 29. Rdf1 Rg8+ 30. Kf2 Ke6 31. c5 e4 32. Rf4 Bxh3 33. Rh1
Rxf4+ 34. Bxf4 Rg2+ 35. Ke3 Bf5 36. Rh6+ Bg6 37. Rh2 Rxh2 38. Bxh2 Kd5 39. Bd6
a5 40. Be7 a4 41. b3 axb3 42. axb3 Bh5 43. Bf8 Bd1 44. b4 Bf3 0-1

[Event "32. Copenhagen Open (Politiken Cup)"]
[Site "Elsinore"]
[Date "2010.08.02"]
[Round "4"]
[White "Hansen, Herluf"]
[Black "Wiecker, Stefan"]
[Result "1-0"]
[WhiteElo "2026"]
[BlackElo "2188"]
[PlyCount "69"]
[EventDate "2010.07.31"]
[EventType "swiss"]
[EventRounds "10"]
[EventCountry "DEN"]
[Source "ChessBase"]
[SourceDate "2010.09.01"]

1. d4 Nf6 2. Nc3 d5 3. g3 Bf5 4. Bg2 e6 5. Nf3 h6 6. O-O Be7 7. b3 O-O 8. Bb2
Na6 9. Rc1 Bh7 10. Ne5 c5 11. e3 cxd4 12. exd4 Nb4 13. a3 Nc6 14. Ne2 Qb6 15.
h4 Ne4 16. Nd7 Qd8 17. Nxf8 Qxf8 18. c4 Bxa3 19. Bxa3 Qxa3 20. cxd5 exd5 21.
Nf4 Rd8 22. Nh5 Bg6 23. Nf4 Bh7 24. Kh2 Qb2 25. f3 Nf6 26. Ne2 Re8 27. Re1 Nb4
28. Nf4 Rxe1 29. Qxe1 Nc2 30. Nxd5 Kh8 31. Nxf6 gxf6 32. Qd2 Qxb3 33. d5 Bf5
34. d6 Qa4 35. Rxc2 1-0

[Event "32. Copenhagen Open (Politiken Cup)"]
[Site "Elsinore"]
[Date "2010.08.02"]
[Round "4"]
[White "Hansen, Morten Moller"]
[Black "Jensen, Niels Christian"]
[Result "1/2-1/2"]
[WhiteElo "2154"]
[BlackElo "1993"]
[PlyCount "77"]
[EventDate "2010.07.31"]
[EventType "swiss"]
[EventRounds "10"]
[EventCountry "DEN"]
[Source "ChessBase"]
[SourceDate "2010.09.01"]

1. d4 Nf6 2. c4 g6 3. Nc3 Bg7 4. e4 d6 5. f3 O-O 6. Be3 Nc6 7. Qd2 a6 8. Nge2
Rb8 9. a4 e5 10. d5 Na5 11. Nc1 c5 12. Bd3 Nh5 13. N3e2 f5 14. b4 fxe4 15. fxe4
Nf4 16. bxa5 Nxg2+ 17. Kd1 Nxe3+ 18. Qxe3 Rf4 19. Rb1 Rh4 20. Qf2 Bd7 21. Bc2
Qe7 22. Qg2 Bh3 23. Qg3 Bh6 24. Rb6 Bf4 25. Nxf4 exf4 26. Qf2 g5 27. Rg1 Kf7
28. Bd3 h5 29. Qb2 f3 30. e5 Qxe5 31. Rxb7+ Rxb7 32. Qxb7+ Qe7 33. Qxe7+ Kxe7
34. Rxg5 f2 35. Rg7+ Kf8 36. Rg6 Ke7 37. Rg7+ Kf8 38. Rg6 Ke7 39. Rg7+ 1/2-1/2